Implicaciones sobre la situación nacional: comercio de exportación y organización de la producción

Salvato in:
Dettagli Bibliografici
Natura: testo
Pubblicazione: s.l: s.e.
Tags: Aggiungi Tag
Nessun Tag, puoi essere il primo ad aggiungerne!!

MARC

LEADER 00000 a a2200000 04500
001 23985
003
040
090 |a 170100  
245 |a Implicaciones sobre la situación nacional: comercio de exportación y organización de la producción  
260 |a s.l:   |b s.e.  
300 |a pp. 99-179  
999 |c 10300  |d 10300